LEADER 00830nam0-22002651i-450- 001 990000063780403321 005 20080627094914.0 035 $a000006378 035 $aFED01000006378 035 $a(Aleph)000006378FED01 035 $a000006378 100 $a20020821d--------km-y0itay50------ba 101 0 $aita 105 $ay-------001yy 200 1 $aUeber die elektrolytische oxydation von leukobasen$evon der K. Technischen hochschule zu Munchen zur erlangung derwurde eines doktors der technischen wissenschaften genehmigte dissertation$fKarl Bub. 210 $aErlangen$cE. Th. Jacob$d1905 215 $a59 p.$d22 cm 676 $a541.372 700 1$aBub,$bKarl 801 0$aIT$bUNINA$gRICA$2UNIMARC 901 $aBK 912 $a990000063780403321 952 $a23 19 A 07$b2699$fFINAG 959 $aFINAG 997 $aUNINA LEADER 01382nam2-2200421---450- 001 990001949980203316 005 20060110140937.0 035 $a000194998 035 $aUSA01000194998 035 $a(ALEPH)000194998USA01 035 $a000194998 100 $a20040824d1973----km-y0itay0103----ba 101 0 $aeng 102 $aUS 105 $a||||||||001yy 200 1 $a<<3.>> : Modern numismatics includimg medals$fedited by Lubomir Nemeskal, Elvira Clain-Stefanelli 210 $aNew York$cInternational Numismatic Commission$d1973 215 $aVII, 374 p.$d25 cm 410 0$12001 454 1$12001 461 1$1001000194977$12001$a<> survey of numismatic research 1966-1971 606 0 $aNumismatica$xBibliografia$z1966-1971 676 $a016.737 702 1$aNEMESKAL,$bLubomir 702 1$aCLAIN-STEFANELLI,$bElvira 801 0$aIT$bsalbc$gISBD 912 $a990001949980203316 951 $aXI.3.D. 12/3a(X B 78 a III)$b54861 L.M.$cX B 951 $aXI.3.D. 12/3(X B 211 III)$b13989 L.M.$cX B 959 $aBK 969 $aUMA 979 $aSIAV5$b10$c20040824$lUSA01$h1031 979 $aCOPAT6$b90$c20060103$lUSA01$h1515 979 $aCOPAT6$b90$c20060103$lUSA01$h1515 979 $aCOPAT6$b90$c20060103$lUSA01$h1515 979 $aCOPAT6$b90$c20060110$lUSA01$h1409 996 $aModern numismatics includimg medals$91044020 997 $aUNISA